E-Business and E-Commerce management : (Record no. 16126)
[ view plain ]
| 000 -LEADER | |
|---|---|
| fixed length control field | 01419cam a22003135a 4500 |
| 001 - CONTROL NUMBER | |
| control field | 16665224 |
| 005 - DATE AND TIME OF LATEST TRANSACTION | |
| control field | 20171109103555.0 |
| 008 - FIXED-LENGTH DATA ELEMENTS--GENERAL INFORMATION | |
| fixed length control field | 110224s2011 enk frb 001 0 eng d |
| 010 ## - LIBRARY OF CONGRESS CONTROL NUMBER | |
| LC control number | 2011007808 |
| 020 ## - INTERNATIONAL STANDARD BOOK NUMBER | |
| International Standard Book Number | 0273752014 |
| 020 ## - INTERNATIONAL STANDARD BOOK NUMBER | |
| International Standard Book Number | 9780273752011 |
| 040 ## - CATALOGING SOURCE | |
| Original cataloging agency | DLC |
| Language of cataloging | eng |
| Transcribing agency | DLC |
| Modifying agency | EG-ScBUE |
| 082 04 - DEWEY DECIMAL CLASSIFICATION NUMBER | |
| Classification number | 658.872 |
| Item number | CHA |
| Edition number | 22 |
| 100 1# - MAIN ENTRY--PERSONAL NAME | |
| Personal name | Chaffey, Dave, |
| Dates associated with a name | 1963- |
| 9 (RLIN) | 27472 |
| 245 10 - TITLE STATEMENT | |
| Title | E-Business and E-Commerce management : |
| Remainder of title | strategy, implementation and practice / |
| Statement of responsibility, etc | Dave Chaffey. |
| 246 3# - VARYING FORM OF TITLE | |
| Title proper/short title | E Business and E Commerce management |
| 250 ## - EDITION STATEMENT | |
| Edition statement | 5th ed. |
| 260 ## - PUBLICATION, DISTRIBUTION, ETC. (IMPRINT) | |
| Place of publication, distribution, etc | Harlow ; |
| -- | New York : |
| Name of publisher, distributor, etc | Prentice Hall, |
| Date of publication, distribution, etc | 2011. |
| 263 ## - PROJECTED PUBLICATION DATE | |
| Projected publication date | 1106 |
| 300 ## - PHYSICAL DESCRIPTION | |
| Extent | xxxi, 733 p. : |
| Other physical details | ill. (col.) ; |
| Dimensions | 26 cm. |
| 504 ## - BIBLIOGRAPHY, ETC. NOTE | |
| Bibliography, etc | Includes bibliographical references and index. |
| 505 0# - FORMATTED CONTENTS NOTE | |
| Formatted contents note | Introduction to e-business and e-commerce -- Marketplace analysis for e-commerce -- E-business infrastructure -- E-environment -- E-business strategy -- Supply chain management -- E-procurement -- E-marketing -- Customer relationship management -- Change management -- Analysis and design -- E-business service implementation and optimization. |
| 650 #7 - SUBJECT ADDED ENTRY--TOPICAL TERM | |
| Topical term or geographic name as entry element | Electronic commerce. |
| Source of heading or term | BUEsh |
| 9 (RLIN) | 27473 |
| 650 #7 - SUBJECT ADDED ENTRY--TOPICAL TERM | |
| Topical term or geographic name as entry element | Business enterprises |
| General subdivision | Computer networks. |
| Source of heading or term | BUEsh |
| 9 (RLIN) | 27474 |
| 651 ## - SUBJECT ADDED ENTRY--GEOGRAPHIC NAME | |
| Source of heading or term | BUEsh |
| 653 ## - INDEX TERM--UNCONTROLLED | |
| Resource For college | BAEPS, Business Administration |
| Arrived date list | October2011 |
| -- | November2017 |
| 856 ## - ELECTRONIC LOCATION AND ACCESS | |
| Materials specified | For valuable student learning material |
| Uniform Resource Identifier | <a href="http://www.pearsoned.co.uk/chaffey">http://www.pearsoned.co.uk/chaffey</a> |
| 942 ## - ADDED ENTRY ELEMENTS (KOHA) | |
| Source of classification or shelving scheme | Dewey Decimal Classification |
| Item type | Book - Borrowing |
| Withdrawn status | Item status | Source of classification or shelving scheme | Damaged status | Not for loan | Vendor | Home library | Current library | Shelving location | Date acquired | Source of acquisition | Total Checkouts | Total Renewals | Full call number | Barcode | Date last seen | Date last borrowed | Koha item type | Cost, normal purchase price | Cost, replacement price | Materials specified (bound volume or other part) |
|---|---|---|---|---|---|---|---|---|---|---|---|---|---|---|---|---|---|---|---|---|
| Dewey Decimal Classification | Baccah | Central Library | Central Library | First floor | 10/10/2011 | 17 | 46 | 658.872 CHA | 000025303 | 15/07/2025 | 23/04/2018 | Book - Borrowing | ||||||||
| Dewey Decimal Classification | Baccah | Central Library | Central Library | First floor | 10/10/2011 | 19 | 72 | 658.872 CHA | 000025304 | 15/07/2025 | 20/02/2018 | Book - Borrowing | ||||||||
| Dewey Decimal Classification | Baccah | Central Library | Central Library | First floor | 11/10/2011 | 13 | 72 | 658.872 CHA | 000025357 | 15/07/2025 | 26/02/2018 | Book - Borrowing | 180.00 | 225.00 | ||||||
| Lost & Replaced | Dewey Decimal Classification | Baccah | Central Library | Central Library | First floor | 11/10/2011 | 10 | 30 | 658.872 CHA | 000025356 | 27/09/2016 | 13/01/2016 | Book - Borrowing | |||||||
| Dewey Decimal Classification | Baccah | Central Library | Central Library | First floor | 11/10/2011 | 16 | 44 | 658.872 CHA | 000025355 | 15/07/2025 | 05/05/2019 | Book - Borrowing | ||||||||
| Dewey Decimal Classification | Baccah | Central Library | Central Library | First floor | 11/10/2011 | Purchase | 14 | 25 | 658.872 CHA | 000045419 | 15/07/2025 | 06/02/2017 | NB - Book (Non borrowing) | |||||||
| Dewey Decimal Classification | Baccah | Central Library | Central Library | First floor | 11/10/2011 | 21 | 46 | 658.872 CHA | 000025353 | 15/07/2025 | 05/04/2018 | Book - Borrowing | ||||||||
| Dewey Decimal Classification | Baccah | Central Library | Central Library | First floor | 11/10/2011 | 15 | 73 | 658.872 CHA | 000025279 | 15/07/2025 | 22/04/2018 | Book - Borrowing | ||||||||
| Dewey Decimal Classification | Baccah | Central Library | Central Library | First floor | 11/10/2011 | 15 | 59 | 658.872 CHA | 000025281 | 15/07/2025 | 14/02/2018 | Book - Borrowing | ||||||||
| Lost | Dewey Decimal Classification | Baccah | Central Library | Central Library | First floor | 11/10/2011 | 9 | 8 | 658.872 CHA | 000025278 | 06/11/2012 | 06/11/2012 | NB - Book (Non borrowing) | Lost In Inventory_2015-8-23 | ||||||
| Dewey Decimal Classification | Baccah | Central Library | Central Library | First floor | 09/11/2017 | Purchase | 4 | 22 | 658.872 CHA | 000042426 | 15/07/2025 | 28/03/2018 | Book - Borrowing | |||||||
| Dewey Decimal Classification | Central Library | Central Library | First floor | 02/04/2018 | 4 | 9 | 658.872 CHA | 000047548 | 15/07/2025 | 14/04/2019 | Book - Borrowing |